Digital control of dynamic systems

This is a book about the use of digital computers in the real-time control of dynamic systems such as servomechanisms,chemical processes, and ve-chicles that move over water,land,air,or spaces.

Gespeichert in:
Bibliographische Detailangaben
1. Verfasser: Franklin, Gene F.
Format: Buch
Sprache:Undetermined
Veröffentlicht: Reading, Mass. Addison-Wesley 1990
Schlagworte:
Tags: Tag hinzufügen
Keine Tags, Fügen Sie den ersten Tag hinzu!
Thư viện lưu trữ: Trung tâm Học liệu Trường Đại học Cần Thơ
LEADER 00898nam a2200229Ia 4500
001 CTU_148595
008 210402s9999 xx 000 0 und d
082 |a 629.8 
082 |b F831 
100 |a Franklin, Gene F. 
245 0 |a Digital control of dynamic systems 
245 0 |c Gene F. Franklin, J. David Powell, Michael L. Workman. 
260 |a Reading, Mass. 
260 |b Addison-Wesley 
260 |c 1990 
520 |a This is a book about the use of digital computers in the real-time control of dynamic systems such as servomechanisms,chemical processes, and ve-chicles that move over water,land,air,or spaces. 
526 |a Điều khiển số hệ thống động 
526 |b CN608 
650 |a Digital control systems.,Dynamics 
650 |x Hệ thống điều khiển 
904 |i Tuyến 
980 |a Trung tâm Học liệu Trường Đại học Cần Thơ